| 000 | 01474nam a2200385 a 4500 | ||
|---|---|---|---|
| 001 | ebr10588219 | ||
| 003 | CaPaEBR | ||
| 006 | m u | ||
| 007 | cr cn||||||||| | ||
| 008 | 981109s2002 gw sb 001 0 eng d | ||
| 010 | _z 98051324 | ||
| 020 | _z3110162946 (cloth alk. paper) | ||
| 020 | _z3110172089 (pbk. alk. paper) | ||
| 020 | _z9783110162943 | ||
| 020 | _z9783110807110 (e-book) | ||
| 040 |
_aCaPaEBR _cCaPaEBR |
||
| 035 | _a(OCoLC)811372239 | ||
| 043 | _ae-it--- | ||
| 050 | 1 | 4 |
_aPA2071 _b.B35 2002eb |
| 082 | 0 | 4 |
_a475 _221 |
| 100 | 1 | _aBaldi, Philip. | |
| 245 | 1 | 4 |
_aThe foundations of Latin _h[electronic resource] / _cby Philip Baldi. |
| 260 |
_aBerlin ; _aNew York : _bMouton de Gruyter, _c2002. |
||
| 300 | _axxvii, 534 p. | ||
| 440 | 0 |
_aTrends in linguistics. _pStudies and monographs ; _v117 |
|
| 504 | _aIncludes bibliographical references (p. [411]-443) and indexes. | ||
| 533 |
_aElectronic reproduction. _bPalo Alto, Calif. : _cebrary, _d2011. _nAvailable via World Wide Web. _nAccess may be limited to ebrary affiliated libraries. |
||
| 650 | 0 |
_aLatin language _xGrammar, Historical. |
|
| 650 | 0 |
_aIndo-European languages _xInfluence on Latin. |
|
| 650 | 0 |
_aInscriptions, Latin _zItaly. |
|
| 651 | 0 |
_aItaly _xLanguages. |
|
| 655 | 7 |
_aElectronic books. _2local |
|
| 710 | 2 | _aebrary, Inc. | |
| 856 | 4 | 0 |
_uhttp://site.ebrary.com/lib/rucke/Doc?id=10588219 _zAn electronic book accessible through the World Wide Web; click to view |
| 999 |
_c103710 _d103710 |
||